|
|
|
|
| LEADER |
00898nam a2200241 a 4500 |
| 001 |
4483693 |
| 008 |
090720s1996 enka 001 0 eng d |
| 010 |
|
|
|a \\\96213813
|
| 020 |
|
|
|a 1853024007
|
| 040 |
|
|
|a RPJW
|c RPJW
|d DLC
|
| 082 |
0 |
0 |
|a 362.29
|2 21
|
| 100 |
1 |
|
|a Emmett, David.
|
| 245 |
1 |
0 |
|a Understanding drugs :
|b a handbook for parents, teachers and other professionals /
|c David Emmett and Graeme Nice.
|
| 260 |
|
|
|a London ;
|a Bristol, Pa. :
|b J. Kingsley,
|c 1996.
|
| 300 |
|
|
|a 318 p. :
|b ill. ;
|c 24 cm.
|
| 504 |
|
|
|a Includes index.
|
| 541 |
1 |
|
|e 00018445
|
| 650 |
|
0 |
|a Drug abuse
|x Study and teaching
|z Great Britain.
|
| 650 |
|
0 |
|a Drug abuse
|x Treatment
|z Great Britain.
|
| 700 |
1 |
|
|a Nice, Graeme.
|
| 852 |
4 |
|
|a School of Public Health.
|
| 999 |
|
|
|c 2657
|d 2657
|
| 952 |
|
|
|0 0
|1 0
|2 ddc
|4 0
|6 362_290000000000000_EMM
|7 0
|9 2441
|a JPGSPH
|b JPGSPH
|d 2009-07-22
|l 0
|o 362.29 EMM
|p 3060018445
|r 2009-07-22
|t 1
|w 2009-07-22
|y BK
|